| 000 | 00446nam a2200193Ia 4500 | ||
|---|---|---|---|
| 005 | 20251020182555.0 | ||
| 008 | 200515s9999 xx 000 0 und d | ||
| 082 | _aR/72(038)/P23 | ||
| 100 | _aPANIAGUA SOTO, José Ramón | ||
| 245 | 0 | _aVocabulario básico de arquitectura | |
| 250 | _a4a ed. | ||
| 260 | _aMadrid | ||
| 260 | _c1985 | ||
| 300 | _a205 | ||
| 650 | _aARQUITECTURA | ||
| 650 | _aDICCIONARIOS | ||
| 650 | _aLIB | ||
| 942 | _cLIB | ||
| 999 |
_c2859 _d2859 |
||